Mio padre e io /

Saved in:
Bibliographic Details
Main Author: Ackerley, J. R.
Other Authors: Busi, Aldo (Translator), Arborio Mella, Giulia (Translator)
Format: Book
Language:Italian
Published: Milano : Adelphi, c1981
Series:Biblioteca Adelphi ; 107
Subjects:
Tags: Add Tag
No Tags, Be the first to tag this record!

MARC

LEADER 00000nam a22000007i 4500
001 IT\ICCU\RAV\0042539
003 ItRI
005 20260214181823.0
008 890502s1981 it |||||| ||||| |||||c
040 |b ita  |c ct 
041 7 |a ita  |2 ISO-639-2 
082 |a 823.914  |2 20 
100 1 |a Ackerley, J. R.  |0 IT\ICCU\CFIV\065404 
240 1 0 |a My father and myself  |9 Ackerley, J. R. 
245 1 0 |a Mio padre e io /  |c J. R. Ackerley. 
260 |a Milano :  |b Adelphi,  |c c1981 
300 |a 209 p., [4] carte di tav. :  |b ill. ;  |c 22 cm 
500 |a Traduzione di Aldo Busi e Giulia Arborio Mella 
650 7 |a Ackerley, Joe Randolph  |x Autobiografia  |2 scbi 
700 1 |a Busi, Aldo  |0 IT\ICCU\CFIV\025907  |4 trl 
700 1 |a Arborio Mella, Giulia  |0 IT\ICCU\RAVV\068958  |4 trl 
830 0 |a Biblioteca Adelphi ;  |v 107  |0 IT\ICCU\CFI\0014578 
942 |2 ddc  |c BK 
952 |0 0  |1 0  |2 ddc  |4 0  |6 B_LNR01ACKJOMIO21  |7 0  |9 7951  |a MI  |b MI  |d 2014-05-20  |i 2886  |l 0  |o B-LNR01-ACKJO-MIO21  |p CDOM2886  |r 2025-07-13 16:28:50  |w 2025-07-13  |x Acquisto  |y BK 
952 |0 0  |1 0  |4 0  |6 DOC_823_000000000000000_ACK  |7 0  |9 22501  |a BO  |b BO  |d 2026-01-15  |i 2166  |l 0  |o DOC 823 ACK  |p BO2166  |r 2026-01-15 23:22:30  |w 2026-01-15  |x [Sebina 5] [1 v.]  |y BK  |z 1 v. 
952 |0 0  |1 0  |4 0  |6 DOC_823_000000000000000_ACK  |7 0  |9 22502  |a BO  |b BO  |d 2026-01-15  |i 4408  |l 0  |o DOC 823 ACK  |p BO4408  |r 2026-01-15 23:22:30  |w 2026-01-15  |x [Sebina 5] [1 v.]  |y BK  |z 1 v. 
999 |c 6616  |d 6616